Larry McMurtry's Texas : evolution of the myth /

Bibliographic Details
Main Author: Lich, Lera Patrick Tyler, 1948-
Format: Book
Language:English
Published: Austin, Tex. : Eakin Press, [1987]
Edition:1st ed.
Subjects:

MARC

Tag First Indicator Second Indicator Subfields
LEADER 00000cam a2200000 a 4500
001 in00000027226
005 20151007055935.0
008 870824s1987 txua b 00110 eng
010 |a  87024314  
020 |a 0890156131 :  |c $9.95 
035 |a (OCoLC)16647957 
035 |9 AAB9700AM 
040 |a DLC  |c DLC  |d TXA  |d UtOrBLW 
043 |a n-us-tx 
049 |a TXAM  
050 0 0 |a PS3563.A319  |b Z765 1987 
082 0 |a 813/.54  |2 19 
100 1 |a Lich, Lera Patrick Tyler,  |d 1948- 
245 1 0 |a Larry McMurtry's Texas :  |b evolution of the myth /  |c Lera Patrick Tyler Lich. 
250 |a 1st ed. 
264 1 |a Austin, Tex. :  |b Eakin Press,  |c [1987] 
264 4 |c ©1987 
300 |a x, 81 pages :  |b illustrations ;  |c 24 cm. 
336 |a text  |b txt  |2 rdacontent 
337 |a unmediated  |b n  |2 rdamedia 
338 |a volume  |b nc  |2 rdacarrier 
504 |a Bibliography: pages [69]-71. 
500 |a Includes index. 
600 1 0 |a McMurtry, Larry  |x Knowledge  |x Texas. 
600 1 0 |a McMurtry, Larry  |x Settings. 
650 0 |a Texas in literature. 
650 0 |a Myth in literature. 
999 |a MARS 
999 f f |s 5679e893-e8ed-30ba-be6e-2b084805089b  |i 49162c61-70e3-3440-8a74-f9ed2a9efb7e  |t 0 
952 f f |p normal  |a Texas A&M University  |b College Station  |c Sterling C. Evans Library  |d Evans: Library Stacks  |t 0  |e PS3563.A319 Z765 1987  |h Library of Congress classification  |i unmediated -- volume  |m A14815744349 
998 f f |a PS3563.A319 Z765 1987  |t 0  |l Evans: Library Stacks